Grandeza y servidumbre de una noble carrera profesional : la función pública : Barcelona, 1 de abril de 1986 / Felío A. Vilarrubias la función pública :
Descripción Física:
[23] p. ; 23'5 cm
Materias:
Funció pública
MARC
| LEADER | 00000nam a2200000Ia 4500 | ||
|---|---|---|---|
| 001 | 11394 | ||
| 008 | 160829s9999 xx 000 0 cat d | ||
| 080 | |a FU-12-83 | ||
| 100 | 1 | |a Vilarrubias Solanes, Felio A. |9 50554 | |
| 245 | |a Grandeza y servidumbre de una noble carrera profesional : |b la función pública : |b Barcelona, 1 de abril de 1986 / Felío A. Vilarrubias | ||
| 260 | |a Barcelona : |b (Imp. Reproffset), dl 1986 | ||
| 300 | |a [23] p. ; |c 23'5 cm | ||
| 590 | |a Amb autògraf de l'autor dedicat al Sr. Goimbault. | ||
| 650 | |a Funció pública |9 32224 | ||
| 901 | |a Arxiu | ||
| 942 | |n 1 | ||
| 952 | |0 0 |1 0 |4 0 |6 FU1283 |7 1 |9 43716 |a Arxiu |b Arxiu |d 2016-12-01 |l 0 |o FU-12-83 |p 11394 |r 2016-12-01 00:00:00 |w 2016-12-01 |y ARXIU | ||
| 999 | |c 46264 |d 46264 | ||